Spot loves bedtime / (Record no. 295131)
[ view plain ]
| 000 -LEADER | |
|---|---|
| fixed length control field | 02187cam a2200577Ii 4500 |
| 001 - CONTROL NUMBER | |
| control field | ocn914580327 |
| 003 - CONTROL NUMBER IDENTIFIER | |
| control field | OCoLC |
| 005 - DATE AND TIME OF LATEST TRANSACTION | |
| control field | 20200320201538.0 |
| 008 - FIXED-LENGTH DATA ELEMENTS--GENERAL INFORMATION | |
| fixed length control field | 150722s2016 nyua j 000 1 eng d |
| 020 ## - INTERNATIONAL STANDARD BOOK NUMBER | |
| International Standard Book Number | 9780241235027 |
| 020 ## - INTERNATIONAL STANDARD BOOK NUMBER | |
| International Standard Book Number | 0241235022 |
| 020 ## - INTERNATIONAL STANDARD BOOK NUMBER | |
| Terms of availability | 5.99 |
| 029 1# - (OCLC) | |
| OCLC library identifier | NZ1 |
| System control number | 16312670 |
| 029 1# - (OCLC) | |
| OCLC library identifier | AU@ |
| System control number | 000057134494 |
| 035 ## - SYSTEM CONTROL NUMBER | |
| System control number | (OCoLC)914580327 |
| 040 ## - CATALOGING SOURCE | |
| Original cataloging agency | BTCTA |
| Language of cataloging | eng |
| Description conventions | rda |
| Transcribing agency | BTCTA |
| Modifying agency | BDX |
| -- | OCLCQ |
| -- | OCO |
| -- | OCLCO |
| -- | OCP |
| -- | T7A |
| -- | OCLCF |
| -- | OCLCO |
| -- | OCLCA |
| -- | BPLCP |
| -- | OCLCO |
| -- | OCL |
| -- | OCLCO |
| -- | WACOL |
| 049 ## - LOCAL HOLDINGS (OCLC) | |
| Holding library | WACL |
| 050 #4 - LIBRARY OF CONGRESS CALL NUMBER | |
| Classification number | PZ7.H5516 |
| Item number | Spo 2016 |
| 082 #4 - DEWEY DECIMAL CLASSIFICATION NUMBER | |
| Classification number | [E] |
| 092 ## - LOCALLY ASSIGNED DEWEY CALL NUMBER (OCLC) | |
| Classification number | EBB |
| Item number | Hil |
| 100 1# - MAIN ENTRY--PERSONAL NAME | |
| Personal name | Hill, Eric, |
| Dates associated with a name | 1927-2014, |
| Relator term | author. |
| 9 (RLIN) | 5714598 |
| 245 10 - TITLE STATEMENT | |
| Title | Spot loves bedtime / |
| Statement of responsibility, etc | Eric Hill. |
| 264 #1 - Production, Publication, Distribution, Manufacture, and Copyright Notice. | |
| Place of production, publication, distribution, manufacture | New York : |
| Name of producer, publisher, distributor, manufacturer | Frederick Warne & Company, |
| Date of production, publication, distribution, manufacture, or copyr | [2016] |
| 300 ## - PHYSICAL DESCRIPTION | |
| Extent | 1 volume (unpaged) : |
| Other physical details | color illustrations ; |
| Dimensions | 16 cm |
| 336 ## - Content Type | |
| Content type term | text |
| 336 ## - Content Type | |
| Content type term | still image |
| 337 ## - Media type | |
| Media type term | unmediated |
| 338 ## - Carrier type | |
| Carrier type term | volume |
| 500 ## - GENERAL NOTE | |
| General note | On board pages. |
| 520 ## - SUMMARY, ETC. | |
| Summary, etc | It's time for bed! Spot is ready to snuggle up and go to sleep. But where is Teddy? |
| 521 ## - TARGET AUDIENCE NOTE | |
| Target audience note | Childrens Board Book |
| Source | Penworthy |
| 600 00 - SUBJECT ADDED ENTRY--PERSONAL NAME | |
| Personal name | Spot |
| Titles and other words associated with a name | (Fictitious character) |
| Form subdivision | Juvenile fiction. |
| 9 (RLIN) | 5926015 |
| 650 #0 - SUBJECT ADDED ENTRY--TOPICAL TERM | |
| Topical term or geographic name as entry element | Dogs |
| Form subdivision | Juvenile fiction. |
| 9 (RLIN) | 5674840 |
| 650 #0 - SUBJECT ADDED ENTRY--TOPICAL TERM | |
| Topical term or geographic name as entry element | Bedtime |
| Form subdivision | Juvenile fiction. |
| 9 (RLIN) | 5674587 |
| 650 #7 - SUBJECT ADDED ENTRY--TOPICAL TERM | |
| Topical term or geographic name as entry element | Bedtime. |
| Source of heading or term | fast |
| -- | (OCoLC)fst00829541 |
| 9 (RLIN) | 5926016 |
| 650 #7 - SUBJECT ADDED ENTRY--TOPICAL TERM | |
| Topical term or geographic name as entry element | Dogs. |
| Source of heading or term | fast |
| -- | (OCoLC)fst00896265 |
| 9 (RLIN) | 5926017 |
| 600 07 - SUBJECT ADDED ENTRY--PERSONAL NAME | |
| Personal name | Spot |
| Titles and other words associated with a name | (Fictitious character) |
| Source of heading or term | fast |
| -- | (OCoLC)fst01130801 |
| 9 (RLIN) | 5926018 |
| 650 #1 - SUBJECT ADDED ENTRY--TOPICAL TERM | |
| Topical term or geographic name as entry element | Spot (Fictitious character) |
| Form subdivision | Fiction. |
| 9 (RLIN) | 5695000 |
| 650 #1 - SUBJECT ADDED ENTRY--TOPICAL TERM | |
| Topical term or geographic name as entry element | Dogs |
| Form subdivision | Fiction. |
| 9 (RLIN) | 5674795 |
| 650 #1 - SUBJECT ADDED ENTRY--TOPICAL TERM | |
| Topical term or geographic name as entry element | Bedtime |
| Form subdivision | Fiction. |
| 9 (RLIN) | 5674591 |
| 650 #1 - SUBJECT ADDED ENTRY--TOPICAL TERM | |
| Topical term or geographic name as entry element | Board books. |
| 9 (RLIN) | 5926019 |
| 655 #7 - INDEX TERM--GENRE/FORM | |
| Genre/form data or focus term | Fiction. |
| Source of term | fast |
| -- | (OCoLC)fst01423787 |
| 9 (RLIN) | 5673940 |
| 655 #7 - INDEX TERM--GENRE/FORM | |
| Genre/form data or focus term | Juvenile works. |
| Source of term | fast |
| -- | (OCoLC)fst01411637 |
| 9 (RLIN) | 5673941 |
| 655 #7 - INDEX TERM--GENRE/FORM | |
| Genre/form data or focus term | Board books. |
| Source of term | local |
| 9 (RLIN) | 5673758 |
| 938 ## - | |
| -- | Brodart |
| -- | BROD |
| -- | 113425090 |
| 938 ## - | |
| -- | Baker and Taylor |
| -- | BTCP |
| -- | BK0017439415 |
| 942 ## - ADDED ENTRY ELEMENTS (KOHA) | |
| Koha item type | BOOK |
| 948 ## - LOCAL PROCESSING INFORMATION (OCLC); SERIES PART DESIGNATOR (RLIN) | |
| Series part designator, SPT (RLIN) | 11/18/2016 |
| z (OCLC) | Sirsi |
| 994 ## - | |
| -- | C0 |
| -- | WACOL |
| 996 ## - | |
| -- | 136482 |
| -- | 34301001367293 |
| -- | EBB |
| -- | bbk |
| -- | wcl |
| -- | i |
| -- | 27 |
| -- | 5.99 |
| -- | amazon |
| -- | Hil |
| -- | 11/23/2016 |
| -- | 02/03/2020 |
| -- | 09/13/2019 |
| Withdrawn status | Lost status | Source of classification or shelving scheme | Damaged status | Not for loan | Collection code | Home library | Current library | Shelving location | Date acquired | Source of acquisition | Total Checkouts | Total Renewals | Full call number | Barcode | Date last seen | Date checked out | Cost, replacement price | Price effective from | Koha item type |
|---|---|---|---|---|---|---|---|---|---|---|---|---|---|---|---|---|---|---|---|
| Dewey Decimal Classification | Children Board Books | Wasatch County Library | Wasatch County Library | Main Floor Childrens Area | 04/04/2025 | Patron Replacement | 4 | 4 | BB Hill | 34301002151431 | 01/28/2026 | 07/16/2025 | 6.99 | 04/04/2025 | BOOK |
